000
00230 a2200097 4500
001
51556
100
_a
Bowes W H
245
_a
Lecture Notice Advanced Engineering Mathematics
260
_a
_b
John Wiley
_c
090
_c
32649
_d
32649
942
_a
NUST-CAE
_c
M
_c
25168
999
_c
286629
_d
286629